Detalles MARC
| 000 -CABECERA |
| Longitud fija campo de control |
02315nam a2200385 c 4500 |
| 003 - • IDENTIFICADOR DELl NÚMERO DE CONTROL |
| Identificador del número de control |
CO-BoRNBP |
| 005 - • FECHA Y HORA DE LA ÚLTIMA TRANSACCIÓN |
| Fecha y hora de la última transacción |
20251015212827.0 |
| 007 - • CAMPO FIJO DE DESCRIPCIÓN FÍSICA |
| Campo fijo de descripción física |
ta |
| 008 - • CÓDIGOS DE INFORMACIÓN DE LONGITUD FIJA |
| Códigos de información de longitud fija |
250129s2024 ck a|||br||| 000 0jdspa d |
| 020 ## - • NÚMERO INTERNACIONAL NORMALIZADO PARA LIBROS |
| Número Internacional Normalizado para Libros (ISBN) |
9789588846910 |
| 040 ## - FUENTE DE LA CATALOGACIÓN |
| Centro catalogador de origen |
CO-BoRNBP |
| Lengua de catalogación |
spa |
| Normas de descripción |
rda |
| Centro transcriptor |
CO-BoRNBP |
| 041 0# - • CÓDIGO DE LENGUA |
| Código de lengua del texto/banda sonora o título independiente |
spa |
| 043 ## - CÓDIGO DE ÁREA GEOGRÁFICA |
| Código de área geográfica |
s-ck--- |
| 084 ## - • Clasificación Local Alfanúmerica PNLB |
| Número de clasificación |
C |
| 100 ## - • PUNTO DE ACCESO PRINCIPAL-NOMBRE DE PERSONA |
| Nombre de persona |
Vasco, Irene |
| Fechas asociadas al nombre |
1952- |
| Término indicativo de función |
aut |
| 245 13 - • TITULO PROPIAMENTE DICHO |
| Título |
La joven maestra y la gran serpiente / |
| Mención de responsabilidad, etc. |
Irene Vasco ; ilustrador Juan Palomino. |
| 250 ## - • MENCIÓN DE EDICIÓN |
| Mención de edición |
Edición especial |
| 264 #1 - PRODUCCIÓN, PUBLICACIÓN , DISTRIBUCIÓN, FABRICACIÓN Y COPYRIGHT |
| Lugar de producción, publicación, distribución, fabricación |
Bogotá, Colombia : |
| Nombre del productor, editor, distribuidor, fabricante |
Alianza, |
| Fecha de de producción, publicación, distribución, fabricación o copyright |
2024 |
| 300 ## - • DESCRIPCIÓN FÍSICA |
| Extensión |
32 páginas sin numerar : |
| Otras características físicas |
ilustraciones a color |
| 336 ## - TIPO DE CONTENIDO |
| Término de tipo de contenido |
texto |
| Código de tipo de contenido |
txt |
| Fuente |
rdacontenido |
| 337 ## - TIPO DE MEDIO |
| Nombre del tipo de medio |
sin mediación |
| Código del tipo de medio |
n |
| Fuente |
rdamedio |
| 338 ## - TIPO DE SOPORTE |
| Nombre del tipo de soporte |
volumen |
| Código del tipo de soporte |
nc |
| Fuente |
rdasoporte |
| 520 ## - • NOTA DE RESUMEN |
| Resumen, etc, |
La joven maestra fue destinada a una escuela en la selva amazónica, y allí llegó cargada con sus libros. A sus alumnos lo que más les gustaba era que les leyera cuentos. Luego se los llevaban a sus casas, y las madres y abuelas, aunque no sabían leer, miraban esos libros con curiosidad. Los habitantes de los pueblos de la selva solían contar muchas leyendas, pero en aquel entonces la joven maestra creía que eran solo eso: leyendas. Acostumbrada a la ciudad y a los libros, la joven maestra tendrá un choque cultural al encontrarse con una realidad diferente. Pero pronto se dará cuenta que ella no es la única que tiene cosas que enseñar. Este libro es un homenaje a las maestras latinoamericanas, que todo lo dejan por perseguir el sueño de la educación, pero también a las leyendas de los pueblos más remotos, que sus gentes han transmitido a través de generaciones preservando así su riqueza cultural y sabiduría popular. |
| 521 ## - • NOTA DE PÚBLICO DESTINATARIO |
| Nota público destinatario (R ) |
Recomendado para un público infantil a partir de los 6 años |
| 545 ## - DATOS BIOGRÁFICOS O HISTÓRICOS |
| Datos bigr´ficos o históricos |
Incluye datos biográficos de la autora y del ilustrador |
| 650 04 - • PUNTO DE ACCESO ADICIONAL DE MATERIA - TÉRMINO DE MATERIA |
| Término de materia o nombre geográfico como elemento inicial |
Cuentos infantiles colombianos |
| Subdivisión cronológica |
Siglo XXI |
| Fuente del encabezamiento o término |
LEMB |
| 650 07 - • PUNTO DE ACCESO ADICIONAL DE MATERIA - TÉRMINO DE MATERIA |
| Término de materia o nombre geográfico como elemento inicial |
Cultura popular |
| Fuente del encabezamiento o término |
lemb |
| 650 07 - • PUNTO DE ACCESO ADICIONAL DE MATERIA - TÉRMINO DE MATERIA |
| Término de materia o nombre geográfico como elemento inicial |
Maestros en la literatura |
| Fuente del encabezamiento o término |
lemb |
| 650 07 - • PUNTO DE ACCESO ADICIONAL DE MATERIA - TÉRMINO DE MATERIA |
| Término de materia o nombre geográfico como elemento inicial |
Tradición oral en la literatura |
| Fuente del encabezamiento o término |
lemb |
| 650 04 - • PUNTO DE ACCESO ADICIONAL DE MATERIA - TÉRMINO DE MATERIA |
| Término de materia o nombre geográfico como elemento inicial |
Literatura infantil colombiana |
| Subdivisión cronológica |
Siglo XXI |
| Fuente del encabezamiento o término |
LEMB |
| 700 1# - • PUNTO DE ACCESO ADICIONAL - NOMBRE DE PERSONA |
| Nombre de persona |
Palomino, Juan, |
| Fechas asociadas al nombre |
1984- |
| Término indicativo de función |
ill |
| 830 ## - • PUNTO DE ACCESO ADICIONAL DE SERIE - TÍTULO UNIFORME |
| Título uniforme |
Plan Nacional de lectura y escritura leer es mi cuento |
| 942 ## - ENTRADA DE ELEMENTOS AGREGADOS (KOHA) |
| Fuente de clasificaión o esquema |
|
| Koha [por defecto] tipo de item |
Literatura Infantil |